<?xml version="1.0" encoding="UTF-8"?>
<record
    xmlns:xsi="http://www.w3.org/2001/XMLSchema-instance"
    xsi:schemaLocation="http://www.loc.gov/MARC21/slim http://www.loc.gov/standards/marcxml/schema/MARC21slim.xsd"
    xmlns="http://www.loc.gov/MARC21/slim">

  <leader>03209nam a22002657a 4500</leader>
  <controlfield tag="005">20240305165355.0</controlfield>
  <controlfield tag="007">cr||||   |||| </controlfield>
  <controlfield tag="008">120327s2011    cl |||||s|||| 00||0 spa d</controlfield>
  <datafield tag="020" ind1=" " ind2=" ">
    <subfield code="a">978-956-10-2068-9</subfield>
  </datafield>
  <datafield tag="035" ind1=" " ind2=" ">
    <subfield code="a">6209</subfield>
  </datafield>
  <datafield tag="040" ind1=" " ind2=" ">
    <subfield code="a">vLex</subfield>
  </datafield>
  <datafield tag="090" ind1=" " ind2=" ">
    <subfield code="c">3092</subfield>
    <subfield code="d">3092</subfield>
  </datafield>
  <datafield tag="100" ind1="1" ind2=" ">
    <subfield code="a">Dominguez Aguila, Ram&#xF3;n</subfield>
  </datafield>
  <datafield tag="245" ind1="1" ind2="0">
    <subfield code="a">Derecho sucesorio</subfield>
    <subfield code="h">[Recurso electr&#xF3;nico] /</subfield>
    <subfield code="c">Ram&#xF3;n Dominguez Aguila, Ram&#xF3;n Dom&#xED;nguez Benavente</subfield>
    <subfield code="p">Tomo III</subfield>
  </datafield>
  <datafield tag="256" ind1=" " ind2=" ">
    <subfield code="a">Servicio en l&#xED;nea</subfield>
  </datafield>
  <datafield tag="260" ind1=" " ind2=" ">
    <subfield code="a">Bogot&#xE1; :</subfield>
    <subfield code="b">Ecoe ediciones,</subfield>
    <subfield code="c">2011</subfield>
  </datafield>
  <datafield tag="300" ind1=" " ind2=" ">
    <subfield code="a">1 recurso electr&#xF3;nico</subfield>
  </datafield>
  <datafield tag="490" ind1="0" ind2=" ">
    <subfield code="a">Tratados </subfield>
  </datafield>
  <datafield tag="500" ind1=" " ind2=" ">
    <subfield code="a">La primera edici&#xF3;n de esta obra, publicada el a&#xF1;o 1990, constituy&#xF3; un reconocido aporte al estudio del r&#xE9;gimen sucesoral chileno. La segunda edici&#xF3;n, el a&#xF1;o 1998, recogi&#xF3; significativas reformas, entre ellas la Ley N&#xB0; 18.802, de 1989.  Las abundantes citas doctrinales y antecedentes jurisprudenciales han hecho de este libro un tratado que condensa la riqueza y la profundidad del pensamiento de sus autores, quienes, con el rigor cient&#xED;fico que los caracteriza, ofrecen un panorama complet&#xED;simo y perfectamente al d&#xED;a del derecho sucesorio en Chile y en el extranjero.  Esta tercera edici&#xF3;n ha sido actualizada con las nuevas modificaciones legales, particularmente con los cambios que en materia sucesoria introdujo la Ley de Filiaci&#xF3;n N&#xB0; 19.585, de 1998. Adem&#xE1;s, ha sido enriquecida con referencias a las m&#xE1;s recientes reformas al derecho sucesorio de pa&#xED;ses como Francia (2006) y Brasil (2002), con derecho comparado, nueva jurisprudencia y obras publicadas, las que se incluyen en una completa y actualizada bibliograf&#xED;a.  Se mantiene la numeraci&#xF3;n primitiva de los p&#xE1;rrafos y la organizaci&#xF3;n fundamental de la materia, en cuanto se ha dejado de lado la ordenaci&#xF3;n tradicional del derecho sucesorio y se ha abordado partiendo de los principios que lo informan.  Luego se examina la sucesi&#xF3;n como modo de adquirir y la sucesi&#xF3;n como derecho real, distinci&#xF3;n que entre nosotros tiene especial relevancia. Otra parte se destina a la transmisi&#xF3;n sucesoral y luego se inicia el estudio de los t&#xED;tulos para suceder.  Las asignaciones forzosas se tratan en forma independiente de la sucesi&#xF3;n testamentaria, finalizando la obra con el estudio de la acci&#xF3;n de petici&#xF3;n de herencia, de los albaceas o ejecutores testamentarios y del pago de deudas testamentarias y divisi&#xF3;n de cr&#xE9;ditos.  En el m&#xE9;todo de exposici&#xF3;n se ha seguido un sistema que es de gran utilidad para todo lector, tanto el que est&#xE9; interesado en conocer las reglas chilenas en su generalidad como el que desee profundizar en las fuentes doctrinales, la historia de las normas, la jurisprudencia y el derecho comparado. </subfield>
  </datafield>
  <datafield tag="506" ind1="1" ind2=" ">
    <subfield code="a">Contenido solo disponible en los productos indicados</subfield>
    <subfield code="d">vLex Global </subfield>
    <subfield code="d">vLex Global (Academic Edition, excluding Law Schools) </subfield>
    <subfield code="d">vLex Global (U.S. Academic Edition, Law Schools) </subfield>
    <subfield code="d">vLex Global (U.S. Academic Edition, excluding Law Schools) </subfield>
    <subfield code="d">vLex Global (Academic Edition, Law Schools) </subfield>
  </datafield>
  <datafield tag="650" ind1="0" ind2="4">
    <subfield code="a">Herencias y sucesiones</subfield>
    <subfield code="z">Chile</subfield>
  </datafield>
  <datafield tag="740" ind1="0" ind2=" ">
    <subfield code="a">vLex Libros (Servicio en l&#xED;nea)</subfield>
  </datafield>
  <datafield tag="856" ind1="4" ind2="0">
    <subfield code="u">https://app.vlex.com/#/sources/derecho-sucesorio-tomo-iii-6209</subfield>
  </datafield>
  <datafield tag="942" ind1=" " ind2=" ">
    <subfield code="c">RAA</subfield>
  </datafield>
  <datafield tag="952" ind1=" " ind2=" ">
    <subfield code="0">0</subfield>
    <subfield code="1">0</subfield>
    <subfield code="4">0</subfield>
    <subfield code="7">0</subfield>
    <subfield code="8">VLEX</subfield>
    <subfield code="9">319508</subfield>
    <subfield code="a">BD-UIN</subfield>
    <subfield code="b">BD-UIN</subfield>
    <subfield code="d">2024-03-05</subfield>
    <subfield code="l">0</subfield>
    <subfield code="p">6209</subfield>
    <subfield code="r">2024-03-05</subfield>
    <subfield code="w">2024-03-05</subfield>
    <subfield code="y">RAA</subfield>
  </datafield>
  <datafield tag="999" ind1=" " ind2=" ">
    <subfield code="c">161505</subfield>
    <subfield code="d">161505</subfield>
  </datafield>
</record>
